| 000 | 01174cam a22003138a 4500 | ||
|---|---|---|---|
| 001 | 32473 | ||
| 005 | 20230410115427.0 | ||
| 008 | 060706s2008 mau 001 0 eng | ||
| 035 | _a14439460 | ||
| 925 | 0 |
_aacquire _b2 shelf copies _xpolicy default |
|
| 942 |
_2lcc _cbk |
||
| 010 | _a 2006019498 | ||
| 020 | _a9780073210551 (alk. paper) | ||
| 020 | _a0073210552 (alk. paper) | ||
| 040 |
_aDLC _cDLC _dDLC |
||
| 050 | 1 | 4 |
_aHD 58.7 _bL972h 2008 |
| 082 | 0 | 0 |
_a658.3 _222 |
| 100 | 1 | _aLussier, Robert N. | |
| 245 | 1 | 0 |
_aHuman relations in organizations : _bapplications and skill building / _cRobert N. Lussier. |
| 250 | _a7a ed. | ||
| 260 |
_aBoston : _bMcGraw-Hill/Irwin, _c2008. |
||
| 300 |
_axx, 678 p. : _bill. ; _c28 cm. |
||
| 500 | _aIncludes index. | ||
| 650 | 0 | _aOrganizational behavior. | |
| 650 | 0 | _aInterpersonal relations. | |
| 856 | 4 | 1 |
_3Table of contents only _uhttp://www.loc.gov/catdir/toc/ecip0617/2006019498.html |
| 856 | 4 | 2 |
_3Publisher description _uhttp://www.loc.gov/catdir/enhancements/fy0668/2006019498-d.html |
| 963 | _aKathy Shive; phone: 630-789-5181; fax: 630-789-6939; email: kathy_shive@mcgraw-hill.com; bc: kathy_shive@mcgraw-hill.com | ||
| 999 |
_c40941 _d40941 |
||